[Event "26th 4NCL Congress"]
[Site "Woodland Grange, Leamington Spa"]
[Date "2021.09.11"]
[Round "2"]
[Board "31"]
[White "Miller, George I"]
[Black "Gomez, Daniel"]
[Result "0-1"]
[WhiteElo "1915"]
[BlackElo "2040"]
[PlyCount "76"]
[EventDate "2021.09.10"]
[EventRounds "5"]
[EventCountry "ENG"]

1. e4 e5 2. d4 exd4 3. Bc4 Nc6 4. Nf3 Nf6 5. O-O Nxe4 6. Re1 d5 7. Bxd5 Qxd5 8.
Nc3 Qa5 9. Nxe4 Be6 10. Neg5 O-O-O 11. Nxe6 fxe6 12. Rxe6 h6 13. Bd2 Qd5 14.
Qe2 Bd6 15. a3 Rhf8 16. b4 a6 17. c4 dxc3 18. Bxc3 Rf7 19. Re1 Qh5 20. Re8 g5
21. Qe6+ Rfd7 22. g4 Qxe8 23. Qxe8 Rxe8 24. Rxe8+ Rd8 25. Rxd8+ Nxd8 26. Bg7
Nf7 27. Nd4 Be5 28. Bxe5 Nxe5 29. h3 Kd7 30. Nf5 Nf7 31. Kg2 Ke6 32. Kf3 Ke5
33. Ke3 h5 34. Ng3 hxg4 35. hxg4 Nd6 36. a4 Nc4+ 37. Kf3 Kd4 38. Ne4 Ne5+  0-1

[Event "26th 4NCL Congress"]
[Site "Woodland Grange, Leamington Spa"]
[Date "2021.09.11"]
[Round "2"]
[Board "32"]
[White "Jackson, Edward"]
[Black "Ivan, Austin"]
[Result "1-0"]
[WhiteElo "2023"]
[BlackElo "1758"]
[PlyCount "133"]
[EventDate "2021.09.10"]
[EventRounds "5"]
[EventCountry "ENG"]

1. e4 c5 2. c3 e6 3. d4 d5 4. exd5 exd5 5. Nf3 Nf6 6. Bb5+ Bd7 7. Bxd7+ Nbxd7
8. O-O Be7 9. Re1 O-O 10. Bg5 h6 11. Bh4 Re8 12. Ne5 Nxe5 13. Rxe5 Ne4 14. Bxe7
Rxe7 15. Rxe7 Qxe7 16. Na3 Re8 17. Nc2 c4 18. Qf3 Qf6 19. Qxf6 Nxf6 20. Kf1 Kf8
21. f3 Re6 22. b3 a5 23. bxc4 dxc4 24. Rb1 Nd5 25. Rxb7 Nxc3 26. Rc7 Nxa2 27.
Rxc4 Rb6 28. Ra4 Nc3 29. Ra3 Rc6 30. Rxa5 Nd5 31. Ne1 Nb4 32. Ke2 Ke7 33. h4
Nc2 34. d5 Rc7 35. Ra6 Kd7 36. d6 Rc6 37. Ra7+ Kxd6 38. Rxf7 Nxe1 39. Kxe1 g5
40. Rf6+ Kd7 41. Rxc6 Kxc6 42. h5 Kd7 43. Ke2 Ke6 44. Ke3 Kf5 45. g3 Ke5 46.
f4+ gxf4+ 47. gxf4+ Kf5 48. Kf3 Kf6 49. Ke4 Ke6 50. f5+ Kd6 51. Kd4 Ke7 52. Ke5
Kf7 53. f6 Kf8 54. Ke4 Ke8 55. Kf5 Kf8 56. Ke5 Ke8 57. Ke6 Kf8 58. f7 Kg7 59.
Ke7 Kh7 60. Ke8 Kh8 61. f8=Q+ Kh7 62. Qf7+ Kh8 63. Qf6+ Kh7 64. Qg6+ Kh8 65.
Qg1 Kh7 66. Kf7 Kh8 67. Qg7#  1-0

[Event "26th 4NCL Congress"]
[Site "Woodland Grange, Leamington Spa"]
[Date "2021.09.11"]
[Round "2"]
[Board "33"]
[White "Li, Ethan Bingxuan"]
[Black "De Coverly, Roger D"]
[Result "1-0"]
[WhiteElo "1858"]
[BlackElo "2021"]
[PlyCount "71"]
[EventDate "2021.09.10"]
[EventRounds "5"]
[EventCountry "ENG"]

1. e4 c5 2. Nf3 d6 3. d4 cxd4 4. Nxd4 Nf6 5. Nc3 e6 6. Bc4 Be7 7. Bb3 O-O 8.
O-O Nc6 9. Kh1 Bd7 10. f4 Nxd4 11. Qxd4 Bc6 12. f5 e5 13. Qd3 Rc8 14. Bg5 Nd7
15. Bxe7 Qxe7 16. Nd5 Bxd5 17. Bxd5 Nf6 18. c3 Rc5 19. Bb3 Rfc8 20. Rad1 b6 21.
Qf3 Qb7 22. Rfe1 b5 23. g4 h6 24. h4 Nh7 25. Bd5 Qe7 26. Qg3 Kh8 27. Rg1 f6 28.
Rd2 Nf8 29. g5 Nd7 30. Qe3 Qf8 31. gxh6 gxh6 32. Rg8+ Qxg8 33. Bxg8 Kxg8 34.
Rg2+ Kf7 35. Qxh6 Rg8 36. Qh7+  1-0

[Event "26th 4NCL Congress"]
[Site "Woodland Grange, Leamington Spa"]
[Date "2021.09.11"]
[Round "3"]
[Board "1"]
[White "Hebden, Mark L"]
[Black "Tiruchirapalli, Venkataramanan"]
[Result "1/2-1/2"]
[WhiteElo "2544"]
[BlackElo "2328"]
[PlyCount "0"]
[EventDate "2021.09.10"]
[EventRounds "5"]
[EventCountry "ENG"]

1. d4 {[%clk 01:30:09]} {[%emt 00:00:49]} d5 {[%clk 01:30:51]} {[%emt
00:00:09]} 2. Nf3 {[%clk 01:30:15]} {[%emt 00:00:24]} Nf6 {[%clk 01:31:10]}
{[%emt 00:00:11]} 3. c4 {[%clk 01:30:15]} {[%emt 00:00:30]} e6 {[%clk
01:31:33]} {[%emt 00:00:07]} 4. Bg5 {[%clk 01:30:18]} {[%emt 00:00:27]} Be7
{[%clk 01:31:49]} {[%emt 00:00:13]} 5. Nc3 {[%clk 01:30:01]} {[%emt 00:00:48]}
O-O {[%clk 01:32:06]} {[%emt 00:00:13]} 6. e3 {[%clk 01:30:10]} {[%emt
00:00:21]} h6 {[%clk 01:32:28]} {[%emt 00:00:08]} 7. Bh4 {[%clk 01:30:22]}
{[%emt 00:00:19]} b6 {[%clk 01:32:50]} {[%emt 00:00:08]} 8. Bd3 {[%clk
01:30:09]} {[%emt 00:00:43]} Bb7 {[%clk 01:33:06]} {[%emt 00:00:14]} 9. O-O
{[%clk 01:29:56]} {[%emt 00:00:43]} Nbd7 {[%clk 01:33:27]} {[%emt 00:00:08]} 10.
Bg3 {[%clk 01:27:35]} {[%emt 00:02:51]} c5 {[%clk 01:33:35]} {[%emt 00:00:22]}
11. cxd5 {[%clk 01:27:29]} {[%emt 00:00:37]} exd5 {[%clk 01:33:21]} {[%emt
00:00:44]} 12. Rc1 {[%clk 01:25:22]} {[%emt 00:02:36]} Ne4 {[%clk 01:33:14]}
{[%emt 00:00:36]} 13. dxc5 {[%clk 01:24:21]} {[%emt 00:01:32]} bxc5 {[%clk
01:32:03]} {[%emt 00:01:41]} 14. Qe2 {[%clk 01:10:11]} {[%emt 00:14:56]} Qb6
{[%clk 01:28:18]} {[%emt 00:03:57]} 15. Rfd1 {[%clk 01:09:08]} {[%emt
00:01:34]} Rfd8 {[%clk 01:26:56]} {[%emt 00:01:51]} 16. Bxe4 {[%clk 01:03:47]}
{[%emt 00:05:52]} dxe4 {[%clk 01:27:08]} {[%emt 00:00:18]} 17. Nd2 {[%clk
00:59:59]} {[%emt 00:04:18]} Nf6 {[%clk 01:22:03]} {[%emt 00:05:34]} 18. Qb5
{[%clk 00:56:27]} {[%emt 00:04:03]} Rd3 {[%clk 01:13:18]} {[%emt 00:09:14]} 19.
Nc4 {[%clk 00:52:51]} {[%emt 00:04:06]} Qxb5 {[%clk 01:09:00]} {[%emt
00:04:48]} 20. Nxb5 {[%clk 00:53:07]} {[%emt 00:00:15]} Rad8 {[%clk 01:07:57]}
{[%emt 00:01:32]} 21. Re1 {[%clk 00:52:45]} {[%emt 00:00:53]} Nd5 {[%clk
01:01:49]} {[%emt 00:06:37]} 22. Na5 {[%clk 00:48:17]} {[%emt 00:05:00]} Rd7
{[%clk 00:57:58]} {[%emt 00:04:20]} 23. Nxa7 {[%clk 00:47:17]} {[%emt
00:01:30]} Bf6 {[%clk 00:57:26]} {[%emt 00:01:02]} 24. Rxc5 {[%clk 00:43:54]}
{[%emt 00:03:54]} Bxb2 {[%clk 00:57:34]} {[%emt 00:00:21]} 25. Nxb7 {[%clk
00:41:36]} {[%emt 00:02:49]} Rxb7 {[%clk 00:56:09]} {[%emt 00:01:55]} 26. Nc6
{[%clk 00:40:46]} {[%emt 00:01:20]} Bf6 {[%clk 00:51:25]} {[%emt 00:05:14]} 27.
a4 {[%clk 00:37:00]} {[%emt 00:04:17]} Rb2 {[%clk 00:47:35]} {[%emt 00:04:19]}
28. a5 {[%clk 00:30:17]} {[%emt 00:07:14]} Ra2 {[%clk 00:46:24]} {[%emt
00:01:40]} 29. h4 {[%clk 00:24:13]} {[%emt 00:06:34]} Rdd2 {[%clk 00:44:54]}
{[%emt 00:01:59]} 30. Kh2 {[%clk 00:20:58]} {[%emt 00:03:46]} Nc3 {[%clk
00:41:27]} {[%emt 00:03:55]} 31. Ne5 {[%clk 00:16:38]} {[%emt 00:04:52]} Ne2
{[%clk 00:34:34]} {[%emt 00:07:23]} 32. Rf1 {[%clk 00:12:16]} {[%emt 00:04:52]}
Nxg3 {[%clk 00:30:36]} {[%emt 00:04:27]} 33. Kxg3 {[%clk 00:12:23]} {[%emt
00:00:23]} Rdc2 {[%clk 00:30:33]} {[%emt 00:00:33]} 34. Nc4 {[%clk 00:11:21]}
{[%emt 00:01:34]} Kh7 {[%clk 00:30:04]} {[%emt 00:00:56]} 35. Rc6 {[%clk
00:09:07]} {[%emt 00:02:45]} Ra4 {[%clk 00:29:56]} {[%emt 00:00:38]} 36. Nb6
{[%clk 00:09:28]} {[%emt 00:00:10]} Rxc6 {[%clk 00:27:13]} {[%emt 00:03:13]} 37.
Nxa4 {[%clk 00:09:57]} {[%emt 00:00:02]} Bd8 {[%clk 00:26:34]} {[%emt
00:01:07]} 38. Nb6 {[%clk 00:09:17]} {[%emt 00:01:11]} Bxb6 {[%clk 00:25:38]}
{[%emt 00:01:27]} 39. axb6 {[%clk 00:09:45]} {[%emt 00:00:02]} Rxb6 {[%clk
00:26:01]} {[%emt 00:00:07]} 40. Kf4 {[%clk 00:10:10]} {[%emt 00:00:04]} Rb4
{[%clk 00:26:05]} {[%emt 00:00:26]} 41. h5 {[%clk 00:09:54]} {[%emt 00:00:46]}
g6 {[%clk 00:25:01]} {[%emt 00:01:33]} 42. g4 {[%clk 00:10:15]} {[%emt
00:00:10]} Kg7 {[%clk 00:24:55]} {[%emt 00:00:36]} 43. hxg6 {[%clk 00:10:21]}
{[%emt 00:00:24]} Kxg6 {[%clk 00:24:25]} {[%emt 00:01:00]} 44. Rh1 {[%clk
00:10:46]} {[%emt 00:00:05]} Ra4 {[%clk 00:21:20]} {[%emt 00:03:34]} 45. Rh5
{[%clk 00:11:04]} {[%emt 00:00:12]} Ra2 {[%clk 00:21:42]} {[%emt 00:00:08]} 46.
Kg3 {[%clk 00:11:22]} {[%emt 00:00:12]} Ra1 {[%clk 00:20:54]} {[%emt 00:01:17]}
47. Re5 {[%clk 00:11:43]} {[%emt 00:00:11]} Ra4 {[%clk 00:21:17]} {[%emt
00:00:07]} 48. Rd5 {[%clk 00:12:09]} {[%emt 00:00:04]} Ra6 {[%clk 00:18:48]}
{[%emt 00:02:56]} 49. Rf5 {[%clk 00:11:22]} {[%emt 00:01:20]} Ra2 {[%clk
00:18:31]} {[%emt 00:00:47]} 50. Rf4 {[%clk 00:11:28]} {[%emt 00:00:23]} Ra4
{[%clk 00:17:37]} {[%emt 00:01:24]} 51. f3 {[%clk 00:11:37]} {[%emt 00:00:22]}
Rb4 {[%clk 00:16:36]} {[%emt 00:01:30]} 52. fxe4 {[%clk 00:11:56]} {[%emt
00:00:11]} Rb1 {[%clk 00:16:33]} {[%emt 00:00:32]} 53. e5 {[%clk 00:11:38]}
{[%emt 00:00:49]} Re1 {[%clk 00:15:43]} {[%emt 00:01:20]} 54. Re4 {[%clk
00:11:35]} {[%emt 00:00:33]} Kg5 {[%clk 00:15:03]} {[%emt 00:01:10]} 55. Kf2
{[%clk 00:11:25]} {[%emt 00:00:40]} Ra1 {[%clk 00:15:08]} {[%emt 00:00:24]} 56.
Rf4 {[%clk 00:11:45]} {[%emt 00:00:12]} Kg6 {[%clk 00:13:54]} {[%emt 00:01:44]}
57. Kf3 {[%clk 00:11:44]} {[%emt 00:00:31]} Ra5 {[%clk 00:14:01]} {[%emt
00:00:22]} 58. Rf6+ {[%clk 00:11:33]} {[%emt 00:00:42]} Kg7 {[%clk 00:14:25]}
{[%emt 00:00:06]} 59. Rf5 {[%clk 00:11:07]} {[%emt 00:00:57]} Ra1 {[%clk
00:14:31]} {[%emt 00:00:23]} 60. Rf4 {[%clk 00:11:17]} {[%emt 00:00:21]} Kg6
{[%clk 00:14:45]} {[%emt 00:00:16]} 61. Re4 {[%clk 00:11:37]} {[%emt 00:00:10]}
Kg5 {[%clk 00:13:51]} {[%emt 00:01:23]} 62. e6 {[%clk 00:11:50]} {[%emt
00:00:18]} fxe6 {[%clk 00:14:14]} {[%emt 00:00:07]} 63. Rxe6 {[%clk 00:12:15]}
{[%emt 00:00:05]} Rf1+ {[%clk 00:14:32]} {[%emt 00:00:12]} 64. Kg2 {[%clk
00:12:34]} {[%emt 00:00:11]} Ra1 {[%clk 00:13:45]} {[%emt 00:01:18]} 65. Re4
{[%clk 00:12:49]} {[%emt 00:00:15]} Kh4 {[%clk 00:11:57]} {[%emt 00:02:17]} 66.
Rd4 {[%clk 00:12:57]} {[%emt 00:00:23]} Rb1 {[%clk 00:11:45]} {[%emt 00:00:42]}
67. Kf3 {[%clk 00:12:16]} {[%emt 00:01:11]} Rf1+ {[%clk 00:12:08]} {[%emt
00:00:07]} 68. Kg2 {[%clk 00:12:08]} {[%emt 00:00:39]} Ra1 {[%clk 00:12:29]}
{[%emt 00:00:08]} 69. Rf4 {[%clk 00:12:27]} {[%emt 00:00:11]} Rb1 {[%clk
00:12:08]} {[%emt 00:00:52]} 70. Kf3 {[%clk 00:12:35]} {[%emt 00:00:22]} Rg1
{[%clk 00:11:33]} {[%emt 00:01:03]} 71. e4 {[%clk 00:07:56]} {[%emt 00:05:10]}
Rg3+ {[%clk 00:11:38]} {[%emt 00:00:21]} 72. Kf2 {[%clk 00:08:14]} {[%emt
00:00:16]} Rxg4 {[%clk 00:12:00]} {[%emt 00:00:08]} 73. Kf3 {[%clk 00:08:18]}
{[%emt 00:00:26]} h5 {[%clk 00:11:33]} {[%emt 00:00:56]} 74. e5 {[%clk
00:08:40]} {[%emt 00:00:09]} Kg5 {[%clk 00:11:22]} {[%emt 00:00:40]} 75. Rf8
{[%clk 00:08:51]} {[%emt 00:00:19]} Ra4 {[%clk 00:09:03]} {[%emt 00:02:49]} 76.
e6 {[%clk 00:09:12]} {[%emt 00:00:09]} Ra3+ {[%clk 00:08:23]} {[%emt 00:01:10]}
77. Ke4 {[%clk 00:08:10]} {[%emt 00:01:32]} Ra1 {[%clk 00:08:46]} {[%emt
00:00:07]} 78. Rf5+ {[%clk 00:06:35]} {[%emt 00:02:05]} Kg6 {[%clk 00:06:39]}
{[%emt 00:02:36]} 79. Rf2 {[%clk 00:05:15]} {[%emt 00:01:51]} h4 {[%clk
00:06:32]} {[%emt 00:00:37]} 80. Ke5 {[%clk 00:05:06]} {[%emt 00:00:39]} Re1+
{[%clk 00:05:34]} {[%emt 00:01:27]} 81. Kd6 {[%clk 00:05:26]} {[%emt 00:00:11]}
h3 {[%clk 00:05:35]} {[%emt 00:00:29]} 82. Rh2 {[%clk 00:05:11]} {[%emt
00:00:45]} Kf5 {[%clk 00:04:41]} {[%emt 00:01:24]} 83. Rxh3 {[%clk 00:05:09]}
{[%emt 00:00:32]}  1/2-1/2

[Event "26th 4NCL Congress"]
[Site "Woodland Grange, Leamington Spa"]
[Date "2021.09.11"]
[Round "3"]
[Board "2"]
[White "Makkar, Rajat"]
[Black "Clarke, Brandon Gi"]
[Result "1/2-1/2"]
[WhiteElo "2300"]
[BlackElo "2520"]
[PlyCount "0"]
[EventDate "2021.09.10"]
[EventRounds "5"]
[EventCountry "ENG"]

1. d4 {[%clk 01:30:58]} {[%emt 00:00:01]} Nf6 {[%clk 01:28:42]} {[%emt
00:02:12]} 2. c4 {[%clk 01:31:21]} {[%emt 00:00:15]} g6 {[%clk 01:29:08]}
{[%emt 00:00:04]} 3. g3 {[%clk 01:31:39]} {[%emt 00:00:11]} Bg7 {[%clk
01:29:32]} {[%emt 00:00:06]} 4. Bg2 {[%clk 01:31:57]} {[%emt 00:00:12]} d5
{[%clk 01:29:59]} {[%emt 00:00:04]} 5. cxd5 {[%clk 01:32:02]} {[%emt 00:00:25]}
Nxd5 {[%clk 01:30:21]} {[%emt 00:00:08]} 6. Nf3 {[%clk 01:32:01]} {[%emt
00:00:30]} Nb6 {[%clk 01:30:49]} {[%emt 00:00:03]} 7. Nc3 {[%clk 01:31:53]}
{[%emt 00:00:38]} Nc6 {[%clk 01:31:16]} {[%emt 00:00:03]} 8. e3 {[%clk
01:32:14]} {[%emt 00:00:09]} O-O {[%clk 01:31:40]} {[%emt 00:00:06]} 9. O-O
{[%clk 01:32:33]} {[%emt 00:00:11]} e5 {[%clk 01:32:00]} {[%emt 00:00:10]} 10.
d5 {[%clk 01:32:37]} {[%emt 00:00:27]} Na5 {[%clk 01:32:20]} {[%emt 00:00:10]}
11. e4 {[%clk 01:32:47]} {[%emt 00:00:20]} c6 {[%clk 01:32:40]} {[%emt
00:00:10]} 12. Bg5 {[%clk 01:32:56]} {[%emt 00:00:21]} f6 {[%clk 01:33:04]}
{[%emt 00:00:07]} 13. Be3 {[%clk 01:33:15]} {[%emt 00:00:11]} cxd5 {[%clk
01:33:19]} {[%emt 00:00:15]} 14. Bxb6 {[%clk 01:33:28]} {[%emt 00:00:17]} Qxb6
{[%clk 01:33:46]} {[%emt 00:00:04]} 15. Nxd5 {[%clk 01:33:41]} {[%emt
00:00:17]} Qd8 {[%clk 01:34:14]} {[%emt 00:00:02]} 16. Rc1 {[%clk 01:33:53]}
{[%emt 00:00:18]} Nc6 {[%clk 01:34:42]} {[%emt 00:00:02]} 17. Qb3 {[%clk
01:26:50]} {[%emt 00:07:32]} Rf7 {[%clk 01:35:10]} {[%emt 00:00:03]} 18. Rfd1
{[%clk 01:25:55]} {[%emt 00:01:25]} Be6 {[%clk 01:35:37]} {[%emt 00:00:03]} 19.
Qa4 {[%clk 01:15:27]} {[%emt 00:15:04]} Rd7 {[%clk 01:35:59]} 20. Ne3 {[%clk
01:14:42]} Rxd1+ {[%clk 01:31:49]} {[%emt 00:01:56]} 21. Rxd1 {[%clk 01:14:45]}
{[%emt 00:00:27]} Qa5 {[%clk 01:26:48]} {[%emt 00:05:32]} 22. Qxa5 {[%clk
01:13:41]} {[%emt 00:01:35]} Nxa5 {[%clk 01:27:15]} {[%emt 00:00:02]} 23. Nd5
{[%clk 01:12:14]} {[%emt 00:01:57]} Rf8 {[%clk 01:27:44]} {[%emt 00:00:02]} 24.
b3 {[%clk 01:10:55]} {[%emt 00:01:49]} Bh6 {[%clk 01:22:07]} {[%emt 00:06:07]}
25. Nc7 {[%clk 01:02:13]} {[%emt 00:09:12]} Bc8 {[%clk 01:17:42]} {[%emt
00:04:54]} 26. Kf1 {[%clk 00:55:04]} {[%emt 00:07:38]} Nc6 {[%clk 01:17:13]}
{[%emt 00:01:00]} 27. Nd5 {[%clk 00:49:56]} {[%emt 00:05:38]} Kf7 {[%clk
01:16:30]} {[%emt 00:01:13]} 28. h3 {[%clk 00:48:38]} {[%emt 00:01:48]} Rd8
{[%clk 01:05:45]} {[%emt 00:11:14]} 29. Ke1 {[%clk 00:45:19]} {[%emt 00:03:49]}
Bf8 {[%clk 01:03:16]} {[%emt 00:03:00]} 30. Bf1 {[%clk 00:42:28]} {[%emt
00:03:21]} Nb4 {[%clk 00:53:59]} {[%emt 00:09:47]} 31. Bc4 {[%clk 00:36:05]}
{[%emt 00:06:52]} Be6 {[%clk 00:53:58]} {[%emt 00:00:30]} 32. Nxb4 {[%clk
00:31:29]} {[%emt 00:05:07]} Bxb4+ {[%clk 00:54:16]} {[%emt 00:00:13]} 33. Ke2
{[%clk 00:31:55]} {[%emt 00:00:03]} Bxc4+ {[%clk 00:54:21]} {[%emt 00:00:25]}
1/2-1/2
 1/2-1/2

[Event "26th 4NCL Congress"]
[Site "Woodland Grange, Leamington Spa"]
[Date "2021.09.11"]
[Round "3"]
[Board "3"]
[White "Clarke, James"]
[Black "Bradbury, Neil H"]
[Result "1-0"]
[WhiteElo "1833"]
[BlackElo "2339"]
[PlyCount "80"]
[EventDate "2021.09.10"]
[EventRounds "5"]
[EventCountry "ENG"]

1. e4 c5 {13} 2. Nf3 {4} e6 {5} 3. d4 {3} cxd4 {7} 4. Nxd4 {4} Nc6 {11} 5. Nc3
{5} Qc7 {14} 6. Be3 {23} Nf6 {108} 7. f4 {384} d6 {271} 8. Be2 {198} Be7 {83}
9. Qd2 {286} O-O {534} 10. Bf3 {398} Bd7 {411} 11. Ndb5 {185} Qb8 {209} 12.
O-O-O {32} Ne8 {130} 13. g4 {402} a6 {301} 14. Nd4 {37} Nxd4 {187} 15. Bxd4 {
195} Bc6 {48} 16. Rhe1 {131} b5 {134} 17. Kb1 {208} Qb7 {204} 18. Qe3 {109} b4
{179} 19. Nd5 {162} Bh4 {873} 20. Nb6 {7} Bxe1 {177} 21. Nxa8 {34} Bc3 {96} 22.
Nb6 {218} Bxd4 {1115} 23. Qxd4 {23} e5 {254} 24. fxe5 {113} dxe5 {2} 25. Qxb4 {
90} Nf6 {43} 26. a4 {647} Nxe4 {224} 27. Bxe4 {155} Bxe4 {6} 28. Re1 {268} Bg6
{163} 29. Rxe5 {205} Qc6 {314} 30. Qc5 {140} Qh1+ {138} 31. Ka2 {6} f6 {72} 32.
Re7 {150} Bf7+ {129} 33. b3 {46} Qxh2 {50} 34. Nd7 {372} Rd8 {15} 35. Kb2 {243}
Qd2 {52} 36. Qc7 {181} Qd4+ {18} 37. c3 {16} Qd2+ {42} 38. Ka3 {8} Re8 {101}
39. Qc5 {362} Qc1+ {21} 40. Kb4 {7} a5+ {45}  1-0

[Event "26th 4NCL Congress"]
[Site "Woodland Grange, Leamington Spa"]
[Date "2021.09.11"]
[Round "3"]
[Board "4"]
[White "Wells, Peter K"]
[Black "James, Russell A"]
[Result "1-0"]
[WhiteElo "2428"]
[BlackElo "2134"]
[PlyCount "0"]
[EventDate "2021.09.10"]
[EventRounds "5"]
[EventCountry "ENG"]

1. e4 {[%clk 01:24:44]} {[%emt 00:06:15]} c5 {[%clk 01:30:33]} {[%emt
00:00:28]} 2. Nf3 {[%clk 01:24:59]} {[%emt 00:00:15]} d6 {[%clk 01:30:30]}
{[%emt 00:00:32]} 3. d4 {[%clk 01:24:17]} {[%emt 00:01:12]} cxd4 {[%clk
01:30:49]} {[%emt 00:00:11]} 4. Nxd4 {[%clk 01:24:43]} {[%emt 00:00:04]} Nf6
{[%clk 01:31:05]} {[%emt 00:00:13]} 5. Nc3 {[%clk 01:25:08]} {[%emt 00:00:03]}
Nc6 {[%clk 01:31:05]} {[%emt 00:00:32]} 6. Bg5 {[%clk 01:25:27]} {[%emt
00:00:11]} e6 {[%clk 01:31:07]} {[%emt 00:00:28]} 7. Qd2 {[%clk 01:25:38]}
{[%emt 00:00:19]} a6 {[%clk 01:30:59]} {[%emt 00:00:38]} 8. O-O-O {[%clk
01:25:25]} {[%emt 00:00:42]} Bd7 {[%clk 01:30:50]} {[%emt 00:00:39]} 9. f3
{[%clk 01:23:26]} {[%emt 00:02:29]} Nxd4 {[%clk 01:30:31]} {[%emt 00:00:49]} 10.
Qxd4 {[%clk 01:21:28]} {[%emt 00:02:28]} Be7 {[%clk 01:30:23]} {[%emt
00:00:39]} 11. h4 {[%clk 01:15:05]} {[%emt 00:13:06]} Qc7 {[%clk 01:26:48]} 12.
g4 {[%clk 01:03:18]} {[%emt 00:10:08]} b5 {[%clk 01:16:42]} {[%emt 00:10:35]}
13. Be3 {[%clk 00:58:05]} {[%emt 00:05:44]} O-O {[%clk 01:01:14]} {[%emt
00:15:57]} 14. h5 {[%clk 00:44:58]} {[%emt 00:13:38]} h6 {[%clk 00:24:29]}
{[%emt 00:37:15]} 15. g5 {[%clk 00:41:07]} {[%emt 00:04:20]} hxg5 {[%clk
00:22:13]} {[%emt 00:02:47]} 16. Bxg5 {[%clk 00:38:46]} {[%emt 00:02:52]} b4
{[%clk 00:18:44]} {[%emt 00:03:58]} 17. h6 {[%clk 00:25:31]} {[%emt 00:13:45]}
bxc3 {[%clk 00:07:37]} {[%emt 00:11:37]} 18. hxg7 {[%clk 00:25:32]} {[%emt
00:00:29]} Rfc8 {[%clk 00:06:03]} {[%emt 00:02:05]} 19. Bd3 {[%clk 00:25:11]}
{[%emt 00:00:51]} cxb2+ {[%clk 00:01:12]} {[%emt 00:05:21]} 20. Kb1 {[%clk
00:24:48]} {[%emt 00:00:53]} Qc3 {[%clk 00:01:25]} {[%emt 00:00:16]} 21. Qg1
{[%clk 00:18:20]} {[%emt 00:06:58]} Ne8 {[%clk 00:00:36]} {[%emt 00:01:18]} 22.
Bf6 {[%emt 00:02:10]}  1-0

[Event "26th 4NCL Congress"]
[Site "Woodland Grange, Leamington Spa"]
[Date "2021.09.11"]
[Round "3"]
[Board "5"]
[White "Bezuidenhout, Roland"]
[Black "Bansal, Rohan"]
[Result "1-0"]
[WhiteElo "2315"]
[BlackElo "2108"]
[PlyCount "46"]
[EventDate "2021.09.10"]
[EventRounds "5"]
[EventCountry "ENG"]

1. e4 {19} e6 {6} 2. d3 {60} c5 {7} 3. Nf3 Nc6 4. g3 g6 5. Bg2 Bg7 6. O-O Nge7
7. c3 O-O 8. Re1 d5 9. e5 Qc7 10. Bf4 b5 11. Nbd2 a5 12. h4 a4 13. Nf1 b4 14.
Qd2 a3 15. b3 Ba6 16. c4 dxc4 17. dxc4 Nf5 18. Ne3 Rad8 19. Qc1 Nfd4 20. Ng4
Nxf3+ 21. Bxf3 Nd4 22. Be4 Bb7 23. Bh6 Bxe5  1-0